TNA / Impact Wrestling - Multiple Choice Quiz #1 - Statistics

General Stats
  • This quiz has been taken 135 times
  • The average score is 10 of 15
Answer Stats
Question Answer % Correct
Who was revealed as the President of the Aces & Eights biker gang that terrorised the company in 2012-2013? Bully Ray
100%
Who was the first ever X-Division Champion? AJ Styles
82%
Who did Austin Aries lose the World Heavyweight Championship to at Bound for Glory 2018? Johnny Impact
82%
Which of the following men has Hernandez NOT won the World Tag Team Championship with? Magnus
82%
Which of the following was NOT a member of The Beautiful People group? Tara
82%
What is Cowboy James Storm's signature weapon? Beer bottle
73%
True or False - Rob Van Dam has won the X-Division Championship True
73%
Who defeated Bobby Lashley at Slammiversary 2017 to unify the Impact World Title with the GFW Global Championship? Alberto El Patron
64%
What was the main event match of Bound for Glory 2012? Austin Aries vs. Jeff Hardy
64%
True or False - Awesome Kong was the first ever Knockouts Champion? False
64%
Who won the first ever TNA-branded World Heavyweight Championship in June 2007? Kurt Angle
64%
Who did Samoa Joe defeat to capture the World Heavyweight Championship at Lockdown 2008? Kurt Angle
64%
Who did Mick Foley defeat to win the World Heavyweight Championship at Lockdown 2009? Sting
55%
What was the main event match of Slammiversary 2010? Sting vs. Rob Van Dam
45%
Who faced off in the first-ever Ultimate X match? Chris Sabin vs. Michael Shane vs. Kazarian
27%
No matching quizzes found
Score Distribution
Percent of People with Each Score
Percentile by Number Answered
Your Score History
You have not taken this quiz